000 01067nam a2200277Ia 4500
003 OSt
005 20221005111751.0
006 a|||||r|||| 00| 0
007 ta
008 221004b |||||||| |||| 00| 0 hin d
020 _a9788189868529 (hbk)
_c450
024 _a121440
037 _b13325, 14/07/2012, Kitab Ghar
_cTextual
040 _aCRL
_cCRL
_bhin
041 _2hin
_ahin
082 _aV5.M48<-L89, 152P9
100 _aहॉब्सबाम, एरिक
245 0 _aक्रांति का युग 1789 - 1848
246 _aKrāanti kā yug 1789 - 1848
260 _aमुबंई
_bसंवाद प्रकाशन भारत
_c2009
300 _a310पृ0
_ccm.
650 _aविश्व-इतिहास
700 _a वर्मा, लाल बहादुर, अनु.
_9163701
942 _hV5.M48<-L89, 152P9
_cTEXL
_2cc
999 _c1022823
_d1022823